Normal view
MARC view
Entry Personal Name
001 - CONTROL NUMBER
- control field: 59563
003 - CONTROL NUMBER IDENTIFIER
- control field: OSt
005 - DATE AND TIME OF LATEST TRANSACTION
- control field: 20260224145404.0
008 - FIXED-LENGTH DATA ELEMENTS
- fixed length control field: 260224|| aca||aabn | a|a d
040 ## - CATALOGING SOURCE
- Original cataloging agency: OSt
- Transcribing agency: OSt
100 ## - HEADING--PERSONAL NAME
- Personal name: Sweet, Paige L.
670 ## - SOURCE DATA FOUND
- Source citation: Work cat.: (OSt)528225: Sweet, Paige L. , Clustered vulnerabilities: The unequal effects of Covid-19 on domestic violence
